000 00299nam a2200145Ia 4500
100 _aBhandarkar/B.G
942 _cBK
654 _aPhysics
245 _aApplied Physics
260 _bVrinda publication
_aJalgaon
_c2003
082 _a530
_bBha
300 _a270
546 _aENGLISH
999 _c35064
_d35064